<?xml version="1.0" encoding="UTF-8"?>
<record
    xmlns:xsi="http://www.w3.org/2001/XMLSchema-instance"
    xsi:schemaLocation="http://www.loc.gov/MARC21/slim http://www.loc.gov/standards/marcxml/schema/MARC21slim.xsd"
    xmlns="http://www.loc.gov/MARC21/slim">

  <leader>00983nam a2200193 i 4500</leader>
  <controlfield tag="001">93422</controlfield>
  <controlfield tag="003">ES-MaACL</controlfield>
  <controlfield tag="005">20250819081313.0</controlfield>
  <controlfield tag="007">t|</controlfield>
  <controlfield tag="008">050526q19301939sp           ||||1| spa d</controlfield>
  <datafield tag="245" ind1="0" ind2="0">
    <subfield code="a">Libro de oro del Partido Republicano Radical </subfield>
    <subfield code="b">: historia de la organizaci&#xF3;n desde su iniciaci&#xF3;n en los partidos republicanos hist&#xF3;ricos hasta el 31 de diciembre de 1934, siendo en esta fecha Presidente de la Rep&#xFA;blica D. Niceto Alcal&#xE1;-Zamora y Jefe del Gobierno D. Alejandro Lerroux / </subfield>
    <subfield code="c">director literario Antonio Mars&#xE1; Bragado ... Promotor y uno de los redactores pol&#xED;ticos... Bernardo Izcaray Calzada.</subfield>
  </datafield>
  <datafield tag="260" ind1=" " ind2=" ">
    <subfield code="a">Madrid : </subfield>
    <subfield code="b">[s.n., </subfield>
    <subfield code="c">193-?] (</subfield>
    <subfield code="f">Sucesores de Rivadeneyra)</subfield>
  </datafield>
  <datafield tag="300" ind1=" " ind2=" ">
    <subfield code="a">572 p. : </subfield>
    <subfield code="b">il. ; </subfield>
    <subfield code="c">35 cm.</subfield>
  </datafield>
  <datafield tag="610" ind1="2" ind2="4">
    <subfield code="a">Partido Republicano Federal (Espa&#xF1;a. 1930) </subfield>
    <subfield code="9">6150</subfield>
  </datafield>
  <datafield tag="700" ind1="1" ind2=" ">
    <subfield code="a">Izcaray Calzada, Bernardo.</subfield>
    <subfield code="9">65687</subfield>
  </datafield>
  <datafield tag="700" ind1="1" ind2=" ">
    <subfield code="a">Mars&#xE1; Bragado, Antonio.</subfield>
    <subfield code="9">77099</subfield>
  </datafield>
  <datafield tag="852" ind1=" " ind2=" ">
    <subfield code="a">ES-MaACL</subfield>
    <subfield code="j">F-15799 </subfield>
    <subfield code="b">R.20218</subfield>
  </datafield>
  <datafield tag="999" ind1=" " ind2=" ">
    <subfield code="c">93422</subfield>
    <subfield code="d">93422</subfield>
  </datafield>
  <datafield tag="952" ind1=" " ind2=" ">
    <subfield code="0">0</subfield>
    <subfield code="1">0</subfield>
    <subfield code="4">0</subfield>
    <subfield code="7">0</subfield>
    <subfield code="a">ATENEOM</subfield>
    <subfield code="b">ATENEOM</subfield>
    <subfield code="c">SPP2</subfield>
    <subfield code="d">2008-01-17</subfield>
    <subfield code="e">SC</subfield>
    <subfield code="l">0</subfield>
    <subfield code="o">F-15799</subfield>
    <subfield code="p">1097548</subfield>
    <subfield code="r">2023-02-23 00:00:00</subfield>
    <subfield code="w">2023-02-23</subfield>
    <subfield code="y">MONOGRAFIA</subfield>
  </datafield>
</record>
